[Event "35th National Team Chess Championship- 2015"]
[Site "Caritas Goa Holiday Home, NR, Caculo Circle, St In"]
[Date "2015.02.26"]
[Round "9"]
[Board "3"]
[White "Akshat, Khamparia"]
[Black "Thejkumar, M. S."]
[Result "1/2-1/2"]
[WhiteElo "2415"]
[BlackElo "2438"]
[PlyCount "54"]
[EventDate "2015.02.20"]
[EventType "team"]
[EventRounds "9"]
[EventCountry "IND"]
[WhiteTeam "Railways - B"]
[BlackTeam "Railways - A"]

1. d4 d5 2. Bg5 Nf6 3. Nd2 c6 4. e3 g6 5. Bxf6 exf6 6. g3 h5 7. h4 Bg4 8. Qc1
Nd7 9. Bg2 Bh6 10. c4 dxc4 11. Nxc4 O-O 12. Nf3 Nb6 13. O-O Qe7 14. Na5 Rac8
15. Qc5 Qc7 16. b4 Rfe8 17. a3 Bxf3 18. Bxf3 Rxe3 19. Kg2 Ree8 20. Nb3 f5 21.
Rfe1 Bf8 22. Qc2 Red8 23. Rac1 Bg7 24. Qc5 Bf8 25. Qa5 Qb8 26. Re2 Nd5 27. Rec2
Bh6 1/2-1/2

[Event "35th National Team Chess Championship- 2015"]
[Site "Caritas Goa Holiday Home, NR, Caculo Circle, St In"]
[Date "2015.02.26"]
[Round "9"]
[Board "4"]
[White "Himanshu, Sharma"]
[Black "Palit, Somak"]
[Result "1/2-1/2"]
[WhiteElo "2425"]
[BlackElo "2405"]
[PlyCount "46"]
[EventDate "2015.02.20"]
[EventType "team"]
[EventRounds "9"]
[EventCountry "IND"]
[WhiteTeam "Railways - A"]
[BlackTeam "Railways - B"]

1. d4 Nf6 2. Nf3 g6 3. g3 Bg7 4. Bg2 O-O 5. O-O d5 6. c4 dxc4 7. Na3 Nc6 8.
Nxc4 Be6 9. b3 Bd5 10. Bb2 a5 11. Rc1 a4 12. bxa4 Qb8 13. Nfe5 Bxg2 14. Kxg2
Ra6 15. Nxc6 Rxc6 16. d5 Ra6 17. Bxf6 Bxf6 18. e4 c6 19. Qb3 cxd5 20. exd5 b6
21. Rfd1 Rd8 22. Qb5 Qa7 23. d6 e6 1/2-1/2

[Event "35th National Team Chess Championship- 2015"]
[Site "Caritas Goa Holiday Home, NR, Caculo Circle, St In"]
[Date "2015.02.26"]
[Round "9"]
[Board "1"]
[White "Visakh, Nr"]
[Black "Sagar, Shah"]
[Result "1/2-1/2"]
[WhiteElo "2375"]
[BlackElo "2462"]
[PlyCount "90"]
[EventDate "2015.02.20"]
[EventType "team"]
[EventRounds "9"]
[EventCountry "IND"]
[WhiteTeam "Airport Authority of India"]
[BlackTeam "Chess Is Life, Maharashtra"]

1. d4 g6 2. e4 Bg7 3. Nc3 d6 4. g3 Nf6 5. Bg2 O-O 6. Nge2 Nbd7 7. O-O c5 8. h3
Rb8 9. a4 b6 10. Re1 a6 11. b3 cxd4 12. Nxd4 Bb7 13. Bb2 e6 14. Qd2 Qc7 15.
Rad1 Rfd8 16. Qe3 Ba8 17. Rd2 e5 18. Nde2 b5 19. axb5 axb5 20. Red1 Nc5 21. b4
Na6 22. Ba3 Bf8 23. Bf1 Rdc8 24. Nd5 Bxd5 25. exd5 Qc4 26. c3 Qe4 27. Qxe4 Nxe4
28. Rc2 Rb7 29. h4 Rbc7 30. Ra2 Rb7 31. Bb2 Nc7 32. Bg2 Nf6 33. Nc1 Ra8 34.
Rxa8 Nxa8 35. Nb3 Nb6 36. Na5 Rc7 37. Ba1 Bh6 38. Nc6 Kf8 39. Bb2 Na4 40. Ba1
Nb6 41. Bb2 Na4 42. Ba1 Nb6 43. Bb2 Nc4 44. Bc1 Bxc1 45. Rxc1 Nb6 1/2-1/2

[Event "35th National Team Chess Championship- 2015"]
[Site "Caritas Goa Holiday Home, NR, Caculo Circle, St In"]
[Date "2015.02.26"]
[Round "9"]
[Board "2"]
[White "Shashikant, Kutwal"]
[Black "Nitin, S."]
[Result "1/2-1/2"]
[WhiteElo "2206"]
[BlackElo "2357"]
[PlyCount "48"]
[EventDate "2015.02.20"]
[EventType "team"]
[EventRounds "9"]
[EventCountry "IND"]
[WhiteTeam "Chess Is Life, Maharashtra"]
[BlackTeam "Airport Authority of India"]

1. e4 e5 2. Nf3 d6 3. d4 exd4 4. Qxd4 Nc6 5. Bb5 Nge7 6. Bg5 a6 7. Bxc6+ Nxc6
8. Qd2 Be7 9. Bf4 Bg4 10. Nc3 Bf6 11. O-O-O Ne5 12. Bxe5 dxe5 13. Qe3 Qc8 14.
Qc5 Bxf3 15. Nd5 Bd8 16. gxf3 Qe6 17. Kb1 c6 18. Ne3 Be7 19. Qb6 O-O 20. Qxb7
Bc5 21. Qd7 Bd4 22. Qxe6 fxe6 23. Nc4 Rxf3 24. c3 Bxf2 1/2-1/2

[Event "35th National Team Chess Championship- 2015"]
[Site "Caritas Goa Holiday Home, NR, Caculo Circle, St In"]
[Date "2015.02.26"]
[Round "9"]
[Board "3"]
[White "Stany, G.A."]
[Black "Bhagwat, Vinod"]
[Result "1/2-1/2"]
[WhiteElo "2381"]
[BlackElo "2183"]
[PlyCount "53"]
[EventDate "2015.02.20"]
[EventType "team"]
[EventRounds "9"]
[EventCountry "IND"]
[WhiteTeam "Airport Authority of India"]
[BlackTeam "Chess Is Life, Maharashtra"]

1. e4 c6 2. d4 d5 3. e5 c5 4. dxc5 Nc6 5. Bb5 e6 6. Be3 Nge7 7. c3 Nf5 8. Bd4
Bd7 9. Bxc6 Bxc6 10. Nf3 Nxd4 11. Qxd4 Be7 12. O-O O-O 13. Nbd2 Bb5 14. Rfc1
Qc7 15. b4 b6 16. cxb6 axb6 17. c4 dxc4 18. a3 Ba6 19. Qe3 Rad8 20. Nd4 Qd7 21.
N2f3 b5 22. Rd1 Bb7 23. h3 Bd5 24. Ne2 Qb7 25. Nc3 Rd7 26. Kh2 Rfd8 27. Ne1
 1/2-1/2

[Event "35th National Team Chess Championship- 2015"]
[Site "Caritas Goa Holiday Home, NR, Caculo Circle, St In"]
[Date "2015.02.26"]
[Round "9"]
[Board "4"]
[White "Dahale, Atul"]
[Black "Rajesh, V A V"]
[Result "1/2-1/2"]
[WhiteElo "2034"]
[BlackElo "2350"]
[PlyCount "73"]
[EventDate "2015.02.20"]
[EventType "team"]
[EventRounds "9"]
[EventCountry "IND"]
[WhiteTeam "Chess Is Life, Maharashtra"]
[BlackTeam "Airport Authority of India"]

1. d4 Nf6 2. c4 g6 3. Nc3 d5 4. Nf3 Bg7 5. Qb3 dxc4 6. Qxc4 O-O 7. e4 Bg4 8.
Be3 Nfd7 9. O-O-O Nb6 10. Qc5 e6 11. h3 Bxf3 12. gxf3 N8d7 13. Qa3 Qh4 14. Rg1
Bh6 15. Bxh6 Qxh6+ 16. Kb1 Rfc8 17. Qe7 Re8 18. Qg5 Qxg5 19. Rxg5 c6 20. e5
Red8 21. f4 c5 22. Ne4 cxd4 23. Nd6 Rab8 24. Rxd4 Nd5 25. Bg2 N7b6 26. Rg3 f6
27. Rgd3 fxe5 28. fxe5 Rf8 29. Rd2 Nf4 30. Bf1 Nbd5 31. h4 Kg7 32. Bb5 Kh6 33.
Bd7 Nb6 34. Ne4 Rf5 35. Ng5 Rd8 36. b3 Kh5 37. Nxh7 1/2-1/2